Los objetivos fundamentales transversales en la reforma educativa chilena

I tiakina i:
Ngā taipitopito rārangi puna kōrero
Ngā kaituhi matua: Magendzo K., Abraham (autor), Donoso S., Patricio (Author), Rodas, María Teresa (Author)
Hōputu: Pukapuka
Reo:Pāniora
I whakaputaina: Santiago Universitaria 1998
Putanga:2a. ed
Ngā marau:
Ngā Tūtohu: Tāpirihia he Tūtohu
Kāore He Tūtohu, Me noho koe te mea tuatahi ki te tūtohu i tēnei pūkete!

MARC

LEADER 00000nam a2200000 a 4500
001 UCP6054
003 CL-VaPUC
008 991008e19980000CL |||||||||||||||||spa|d
020 |a 9561113449 
082 0 4 |a 372.011  |b MAG  |2 21 
100 |a Magendzo K., Abraham  |e autor  |9 616737 
700 0 |a Donoso S., Patricio  |e author  |9 434871 
700 0 |a Rodas, María Teresa  |e author  |9 434872 
245 1 4 |a Los objetivos fundamentales transversales en la reforma educativa chilena 
250 |a 2a. ed 
300 |a 143 p 
942 |c BK 
945 |d 19991008 00:00:00  |a rbrito 
260 |a Santiago  |b Universitaria  |c 1998 
650 0 |a Planificación de la educación   |9 307333 
650 0 |a Política educacional  |9 308011 
650 0 |a Reforma educacional   |9 256319 
650 0 |a Objetivos educativos  |9 306344 
650 0 |a Currículo  |9 307290 
583 |a last modification  |c 19991008 00:00:00  |k Rodrigo Vera 
999 |c 283682  |d 283680 
952 |0 0  |1 0  |4 0  |6 372_011000000000000_MAG_1998  |7 0  |8 R  |9 327073  |a BIBEDU  |b BIBEDU  |d 2019-11-20  |i 3569349  |o 372.011 MAG 1998  |p 3569349  |r 2023-01-13  |w 2019-11-20  |y BK_R  |k EDU 
952 |0 0  |1 0  |4 0  |6 372_011000000000000_MAG_1998  |7 0  |8 R  |9 327074  |a BIBEDU  |b BIBEDU  |d 2019-11-20  |i 3569357  |o 372.011 MAG 1998  |p 3569357  |r 2023-01-13  |w 2019-11-20  |y BK_R  |k EDU 
952 |0 0  |1 0  |4 0  |6 372_011000000000000_MAG_1998  |7 0  |8 R  |9 327075  |a BIBEDU  |b BIBEDU  |d 2019-11-20  |i 3569365  |o 372.011 MAG 1998  |p 3569365  |r 2023-01-13  |w 2019-11-20  |y BK_R  |k EDU 
952 |0 0  |1 0  |4 0  |6 372_011000000000000_MAG_1998  |7 0  |8 R  |9 327076  |a BIBEDU  |b BIBEDU  |c MCIRC  |d 2019-11-20  |i 4595025  |o 372.011 MAG 1998  |p 4595025  |r 2023-01-13  |w 2019-11-20  |y BK_R  |k BME